000 00821nam a2200277 4500
001 3142818
003 ARRUPE
005 20131212135027.0
008 731218s1973 nyu 000 0 eng
010 _a 73079656
020 _a0385027249
040 _aDLC
_cDLC
_dDLC
043 _an-us-ma
050 0 0 _aHF1134.H4
_bC58
082 0 0 _a658.4
100 1 _aCohen, Peter,
_d1939-
_95589
245 1 4 _aThe gospel according to the Harvard Business School.
250 _a[1st ed.]
260 _aGarden City, N.Y.,
_bDoubleday,
_c1973.
300 _a331 p.
_c22 cm.
350 _a$10.00
610 2 0 _aHarvard University.
_bGraduate School of Business Administration.
_95590
650 0 _aBusiness education
_zCambridge, Mass.
_95591
906 _a7
_bcbc
_corignew
_d1
_eopcn
_f19
_gy-gencatlg
942 _2lcc
_cMONOGRAPH
999 _c119229
_d119229